[Event "FIDE World Blitz-ch Women 2018"]
[Site "St. Petersburg"]
[Date "2018.12.29"]
[Round "9.22"]
[White "Michna, Marta"]
[Black "Vega Gutierrez, Sabrina"]
[Result "1/2-1/2"]
[WhiteElo "2333"]
[BlackElo "2390"]
[Annotator "NA"]
[PlyCount "139"]
[EventDate "2018.12.19"]
[EventType "swiss"]
[EventCountry "RUS"]
[SourceTitle "playchess.com"]
[Source "ChessBase"]
[SourceQuality "1"]

1. Nf3 d5 2. d3 Nc6 3. g3 e5 4. Bg2 Nf6 5. O-O Bg4 6. Nbd2 Qd7 7. c4 O-O-O 8. cxd5 Nxd5 9. Qa4 Kb8 10. Re1 f6 11. Ne4 Bxf3 12. Bxf3 Nd4 13. Qxd7 Nxf3+ 14. exf3 Rxd7 15. Be3 Nb4 16. Rad1 Be7 17. f4 Nxd3 18. Re2 exf4 19. gxf4 Rhd8 20. Red2 Kc8 21. Ng3 g6 22. Ne4 f5 23. Nc3 Bb4 24. a3 Bxc3 25. bxc3 b6 26. Kg2 c5 27. c4 Nb2 28. Rxd7 Rxd7 29. Rc1 Rd3 30. Kh3 Nd1 31. Kh4 Nxe3 32. fxe3 Rxe3 33. Kg5 Rh3 34. Rc2 Kd7 35. a4 Kc6 36. Kf6 a6 37. Re2 Rd3 38. h4 Rd6+ 39. Kg7 Rd7+ 40. Kf6 b5 41. axb5+ axb5 42. cxb5+ Kxb5 43. h5 gxh5 44. Kxf5 c4 45. Ke6 Rd8 46. Ke7 Rd5 47. Ke6 Kc5 48. f5 c3 49. Rc2 Kc4 50. Rxc3+ Kxc3 51. Kxd5 h4 52. f6 h3 53. f7 h2 54. f8=Q h1=Q+ 55. Ke5 Qe1+ 56. Kd5 Qd2+ 57. Kc6 Qg2+ 58. Kd7 Qd5+ 59. Kc7 h5 60. Qg7+ Kd3 61. Qg3+ Ke2 62. Qh2+ Ke3 63. Qg3+ Qf3 64. Qe5+ Kf2 65. Qh2+ Kf1 66. Kd6 Qd3+ 67. Ke5 Qe3+ 68. Kf5 Qf3+ 69. Qf4 Kg2 70. Qxf3+ 1/2-1/2

[Event "FIDE World Blitz-ch Women 2018"]
[Site "St. Petersburg"]
[Date "2018.12.29"]
[Round "9.23"]
[White "Paehtz, Elisabeth"]
[Black "Chernyak, Viktoria"]
[Result "1-0"]
[WhiteElo "2487"]
[BlackElo "2186"]
[Annotator "ChessBase"]
[PlyCount "99"]
[EventDate "2018.12.19"]
[EventType "swiss"]
[EventCountry "RUS"]
[SourceTitle "playchess.com"]
[Source "ChessBase"]
[SourceQuality "1"]

1. d4 d5 2. Bf4 Nf6 3. e3 e6 4. c3 c5 5. Nd2 Bd6 6. Ngf3 Bxf4 7. exf4 O-O 8. Bd3 b6 9. Qe2 Qc7 10. Ne5 Nc6 11. Ndf3 cxd4 12. Nxc6 Qxc6 13. Nxd4 Qc7 14. g3 Bb7 15. O-O Rac8 16. Rae1 Rfe8 17. Bb1 Qc4 18. Qd1 Ba6 19. f3 Qc5 20. Rf2 g6 21. Kg2 Bb7 22. h4 b5 23. a3 a5 24. Qd2 Qb6 25. Rh1 b4 26. cxb4 axb4 27. a4 b3 28. Ne2 Rc4 29. Nc3 d4 30. Ne4 Bxe4 31. fxe4 Rxa4 32. Bd3 Ng4 33. Re2 e5 34. f5 Ne3+ 35. Kh3 Rc8 36. Rc1 Raa8 37. Ree1 Kg7 38. g4 Qb7 39. Qe2 Rxc1 40. Rxc1 Ra2 41. g5 Qd7 42. Kh2 h6 43. f6+ Kh7 44. Rg1 h5 45. Kg3 Qg4+ 46. Qxg4 Nxg4 47. Rc1 Rxb2 48. Rc7 Kg8 49. Bc4 Rd2 50. Rxf7 1-0

[Event "FIDE World Blitz-ch Women 2018"]
[Site "St. Petersburg"]
[Date "2018.12.29"]
[Round "9.24"]
[White "Solozhenkina, Elizaveta"]
[Black "Javakhishvili, Lela"]
[Result "1-0"]
[WhiteElo "2258"]
[BlackElo "2464"]
[Annotator "ChessBase"]
[PlyCount "66"]
[EventDate "2018.12.19"]
[EventType "swiss"]
[EventCountry "RUS"]
[SourceTitle "playchess.com"]
[Source "ChessBase"]
[SourceQuality "1"]

1. e4 c5 2. Nf3 Nc6 3. Bb5 e6 4. O-O Nge7 5. d4 cxd4 6. Nxd4 Ng6 7. Nc3 Be7 8. Be3 O-O 9. f4 a6 10. Nxc6 bxc6 11. Be2 d5 12. Qd2 Rb8 13. Rab1 Bf6 14. e5 Be7 15. Na4 f6 16. exf6 Bxf6 17. Bd4 Qc7 18. g3 e5 19. fxe5 Nxe5 20. Nc5 Qd6 21. c3 Bh3 22. Rf2 Ng4 23. Rf3 Bxd4+ 24. cxd4 Rbe8 25. Re1 Nf6 26. Bd3 Ne4 27. Bxe4 dxe4 28. Rxf8+ Qxf8 29. Qf2 Bf5 30. Nxa6 Qf6 31. Nc5 h5 32. Rf1 g6 33. Re1 Kg7 1-0

[Event "FIDE World Blitz-ch Women 2018"]
[Site "St. Petersburg"]
[Date "2018.12.29"]
[Round "9.25"]
[White "Charochkina, Daria"]
[Black "Munkhzul, Turmunkh"]
[Result "0-1"]
[WhiteElo "2344"]
[BlackElo "2255"]
[Annotator "NA"]
[PlyCount "142"]
[EventDate "2018.12.19"]
[EventType "swiss"]
[EventCountry "RUS"]
[SourceTitle "playchess.com"]
[Source "ChessBase"]
[SourceQuality "1"]

1. d4 Nf6 2. c4 g6 3. Nc3 Bg7 4. e4 d6 5. f4 O-O 6. Nf3 c5 7. d5 e6 8. Be2 exd5 9. cxd5 Re8 10. e5 dxe5 11. fxe5 Ng4 12. Bg5 Qa5 13. O-O Nxe5 14. Ne4 Qb6 15. Nxe5 Rxe5 16. Bf3 Bf5 17. Ng3 c4+ 18. Kh1 Bd3 19. Bf4 Bxf1 20. Qxf1 Re8 21. Qxc4 Qxb2 22. Rf1 Nd7 23. d6 Rac8 24. Qa4 Rcd8 25. Bd5 Nb6 26. Qd1 Nxd5 27. Qxd5 Rd7 28. h4 Qd4 29. Qb3 Be5 30. Bxe5 Qxe5 31. h5 Qxd6 32. h6 Qd4 33. Qb5 Rde7 34. Qg5 Qe5 35. Nf5 Rd7 36. Qg4 Kh8 37. Ng7 Rd4 38. Qh3 Rf8 39. Ne6 Qe2 40. Qf3 Qxf3 41. Rxf3 Rd1+ 42. Kh2 Re8 43. Ng5 f5 44. Rc3 Rd7 45. Ne6 Kg8 46. Nf4 Kf7 47. Kh3 Kf6 48. Rb3 Kg5 49. g3 Kxh6 50. Rb5 Re3 51. Kg2 Ra3 52. Rb2 Kg5 53. Ne6+ Kf6 54. Nc5 Rc7 55. Nxb7 Rxb7 56. Rxb7 Rxa2+ 57. Kf3 h6 58. Rh7 Kg5 59. Rc7 Ra3+ 60. Kf2 a5 61. Rc4 a4 62. Rb4 Ra1 63. Rc4 Kf6 64. Kg2 Ke5 65. Rc6 g5 66. Rxh6 a3 67. Ra6 f4 68. gxf4+ gxf4 69. Ra4 a2 70. Ra3 f3+ 71. Rxf3 Rb1 0-1

[Event "FIDE World Blitz-ch Women 2018"]
[Site "St. Petersburg"]
[Date "2018.12.29"]
[Round "9.26"]
[White "Paramzina, Anastasya"]
[Black "Nguyen, Thi Mai Hung"]
[Result "1-0"]
[WhiteElo "2229"]
[BlackElo "2280"]
[Annotator "NA"]
[PlyCount "87"]
[EventDate "2018.12.19"]
[EventType "swiss"]
[EventCountry "RUS"]
[SourceTitle "playchess.com"]
[Source "ChessBase"]
[SourceQuality "1"]

1. e4 c5 2. Nf3 g6 3. d4 cxd4 4. Nxd4 Nc6 5. c4 Nf6 6. Nc3 Nxd4 7. Qxd4 d6 8. Be3 Bg7 9. Be2 O-O 10. Qd2 Be6 11. Rc1 Qa5 12. f3 Rfc8 13. b3 a6 14. Na4 Qxd2+ 15. Kxd2 Nd7 16. h4 f5 17. exf5 gxf5 18. g4 Rf8 19. g5 f4 20. Bf2 Ne5 21. Nb6 Rad8 22. Nd5 Nc6 23. h5 Bf5 24. Nxf4 Nb4 25. a3 Na2 26. Rcg1 Nc3 27. Nd5 Nxe2 28. Kxe2 Kf7 29. Kd2 e6 30. Ne3 Ke7 31. h6 Be5 32. Bg3 Bd4 33. Rg2 Bg6 34. Rf1 d5 35. cxd5 exd5 36. Nc2 Bb2 37. Re1+ Kd7 38. Rge2 Rxf3 39. Re7+ Kc6 40. R1e6+ Kc5 41. Rc7+ Kb5 42. a4+ Ka5 43. Rc5+ b5 44. Bc7# 1-0

[Event "FIDE World Blitz-ch Women 2018"]
[Site "St. Petersburg"]
[Date "2018.12.29"]
[Round "9.27"]
[White "Protopopova, Anastasiya"]
[Black "Maletina, Tatiana"]
[Result "0-1"]
[WhiteElo "2304"]
[BlackElo "2270"]
[Annotator "NA"]
[PlyCount "49"]
[EventDate "2018.12.19"]
[EventType "swiss"]
[EventCountry "RUS"]
[SourceTitle "playchess.com"]
[Source "ChessBase"]
[SourceQuality "1"]

1. d4 e6 2. c4 b6 3. e4 Bb4+ 4. Bd2 Bxd2+ 5. Nxd2 d5 6. cxd5 exd5 7. e5 Ne7 8. Ngf3 O-O 9. Bd3 c5 10. Qc2 Ng6 11. dxc5 bxc5 12. Qxc5 Nf4 13. Qd4 Nxg2+ 14. Kf1 Bh3 15. Kg1 Nc6 16. Qa4 Rb8 17. Qxc6 Nf4 18. Bf1 Bxf1 19. Kxf1 Rxb2 20. Qc3 Qb6 21. h4 Qa6+ 22. Kg1 Ne2+ 23. Kh2 Nxc3 24. Rhg1 Ne4 25. Nxe4 0-1

[Event "FIDE World Blitz-ch Women 2018"]
[Site "St. Petersburg"]
[Date "2018.12.29"]
[Round "9.28"]
[White "Borisova, Ekaterina"]
[Black "Skripchenko, Almira"]
[Result "0-1"]
[WhiteElo "2244"]
[BlackElo "2408"]
[Annotator "NA"]
[PlyCount "44"]
[EventDate "2018.12.19"]
[EventType "swiss"]
[EventCountry "RUS"]
[SourceTitle "playchess.com"]
[Source "ChessBase"]
[SourceQuality "1"]

1. d4 d5 2. c4 dxc4 3. Nf3 a6 4. a4 e6 5. g3 Nc6 6. Bg2 Rb8 7. O-O Nf6 8. Nc3 b5 9. axb5 axb5 10. e4 Be7 11. d5 exd5 12. exd5 Nb4 13. Nd4 O-O 14. Ndxb5 Bg4 15. f3 Bd7 16. Na3 Bf5 17. Re1 Bd3 18. Kh1 Nfxd5 19. Nxd5 Nxd5 20. Bd2 Bf6 21. Bc3 Nxc3 22. bxc3 Bxc3 0-1

[Event "FIDE World Blitz-ch Women 2018"]
[Site "St. Petersburg"]
[Date "2018.12.29"]
[Round "9.29"]
[White "Zhukova, Natalia"]
[Black "Lysenko, Margarita"]
[Result "1-0"]
[WhiteElo "2377"]
[BlackElo "2190"]
[Annotator "NA"]
[PlyCount "83"]
[EventDate "2018.12.19"]
[EventType "swiss"]
[EventCountry "RUS"]
[SourceTitle "playchess.com"]
[Source "ChessBase"]
[SourceQuality "1"]

1. c4 e5 2. Nc3 Nc6 3. Nf3 Nf6 4. g3 d5 5. cxd5 Nxd5 6. Bg2 Nb6 7. O-O Be7 8. a3 O-O 9. b4 f6 10. Rb1 Be6 11. b5 Nd4 12. e3 Nxf3+ 13. Bxf3 Rb8 14. d4 exd4 15. exd4 Bf7 16. Re1 Re8 17. a4 Nc4 18. Bf4 Bd6 19. Bxd6 Nxd6 20. Rxe8+ Qxe8 21. Rc1 c6 22. bxc6 bxc6 23. Qd2 Qd7 24. Qf4 Rd8 25. Ne2 Bd5 26. Bxd5+ cxd5 27. Qf3 Ne4 28. Nf4 Qxa4 29. Rc7 Qe8 30. Qg4 Ng5 31. h4 Qe1+ 32. Kg2 Qe4+ 33. f3 h5 34. Qxh5 Qe3 35. hxg5 Qd2+ 36. Kh3 Qd1 37. Qg6 Qh1+ 38. Kg4 f5+ 39. Qxf5 Rf8 40. Qe6+ Kh8 41. Ng6+ Kh7 42. Nxf8+ 1-0

[Event "FIDE World Blitz-ch Women 2018"]
[Site "St. Petersburg"]
[Date "2018.12.29"]
[Round "9.30"]
[White "Tokhirjonova, Gulrukhbegim"]
[Black "Dordzhieva, Dinara"]
[Result "1/2-1/2"]
[WhiteElo "2444"]
[BlackElo "2340"]
[Annotator "NA"]
[PlyCount "114"]
[EventDate "2018.12.19"]
[EventType "swiss"]
[EventCountry "RUS"]
[SourceTitle "playchess.com"]
[Source "ChessBase"]
[SourceQuality "1"]

1. e4 c5 2. Nf3 e6 3. d4 cxd4 4. Nxd4 Nf6 5. Nc3 d6 6. g4 h6 7. Be3 a6 8. Bg2 g5 9. Qe2 Nbd7 10. O-O-O Ne5 11. h4 Nfxg4 12. hxg5 Nxe3 13. Qxe3 Nc4 14. Qg3 Rg8 15. f4 hxg5 16. f5 e5 17. Nb3 b5 18. Rd3 Bb7 19. Rhd1 Qc7 20. f6 O-O-O 21. Qg4+ Kb8 22. Nd5 Bxd5 23. exd5 Rc8 24. c3 Rg6 25. Rf1 Qb6 26. Be4 Rh6 27. Nd2 Ka7 28. Nxc4 Rxc4 29. Qd7+ Rc7 30. Qe8 Qb8 31. Qxb8+ Kxb8 32. Rg1 Rxf6 33. Rh3 Rf4 34. Bc2 Be7 35. Rh7 g4 36. Rg7 Rc8 37. R7xg4 Rxg4 38. Rxg4 Rh8 39. b4 Kc7 40. Kb2 Kd8 41. Kb3 Rh2 42. Bf5 Rh8 43. a4 bxa4+ 44. Kxa4 Rh4 45. Rg8+ Kc7 46. Ka5 e4 47. Re8 Bf6 48. c4 e3 49. c5 dxc5 50. bxc5 Bc3+ 51. Kxa6 Ra4+ 52. Kb5 Rb4+ 53. Ka6 Ra4+ 54. Kb5 Rb4+ 55. Ka6 Ra4+ 56. Kb5 Rb4+ 57. Ka6 Ra4+ 1/2-1/2

[Event "FIDE World Blitz-ch Women 2018"]
[Site "St. Petersburg"]
[Date "2018.12.29"]
[Round "9.31"]
[White "Atalik, Ekaterina"]
[Black "Nebolsina, Vera"]
[Result "0-1"]
[WhiteElo "2447"]
[BlackElo "2242"]
[Annotator "NA"]
[PlyCount "120"]
[EventDate "2018.12.19"]
[EventType "swiss"]
[EventCountry "RUS"]
[SourceTitle "playchess.com"]
[Source "ChessBase"]
[SourceQuality "1"]

1. d4 Nf6 2. Nf3 g6 3. g3 Bg7 4. Bg2 d6 5. O-O O-O 6. b3 c6 7. Bb2 Nbd7 8. c4 Re8 9. Nc3 e5 10. e3 Qc7 11. Qc2 Nb6 12. Rad1 e4 13. Nd2 d5 14. c5 Nbd7 15. b4 a6 16. a4 Nf8 17. h3 Bd7 18. Rde1 Ne6 19. f4 exf3 20. Nxf3 Qxg3 21. Qf2 Qxf2+ 22. Rxf2 Nh5 23. Ne5 Bxe5 24. dxe5 Neg7 25. e4 d4 26. Ne2 d3 27. Nc1 Rad8 28. Rd1 Ne6 29. Nxd3 Bc8 30. Rfd2 Ng5 31. Nf2 Rxd2 32. Rxd2 Nf4 33. Kh2 Nfxh3 34. Nd3 Bg4 35. Bc3 Bf3 36. Bxh3 Nxe4 37. Rc2 Nxc3 38. Rxc3 Be4 39. e6 fxe6 40. Ne5 Bf5 41. Kg3 Rd8 42. Bxf5 exf5 43. Rd3 Re8 44. Kf4 Kg7 45. Rd7+ Kf6 46. Rf7+ Ke6 47. Rg7 Kf6 48. Rxb7 g5+ 49. Kf3 Kxe5 50. Rb6 Kd4 51. Rxc6 Kc4 52. Rb6 a5 53. c6 axb4 54. c7 Rc8 55. Rb7 Kc3 56. a5 b3 57. a6 b2 58. a7 Kc2 59. Rb8 b1=Q 60. a8=Q Qh1+ 0-1

[Event "FIDE World Blitz-ch Women 2018"]
[Site "St. Petersburg"]
[Date "2018.12.29"]
[Round "9.32"]
[White "Shafigullina, Zarina"]
[Black "Mamedjarova, Turkan"]
[Result "1/2-1/2"]
[WhiteElo "2140"]
[BlackElo "2295"]
[Annotator "NA"]
[PlyCount "186"]
[EventDate "2018.12.19"]
[EventType "swiss"]
[EventCountry "RUS"]
[SourceTitle "playchess.com"]
[Source "ChessBase"]
[SourceQuality "1"]

1. d4 d5 2. Nf3 Nf6 3. g3 Bf5 4. c4 e6 5. Nc3 c6 6. Nh4 Bg6 7. Nxg6 hxg6 8. Qb3 Qb6 9. c5 Qxb3 10. axb3 Nbd7 11. b4 e5 12. e3 Be7 13. b5 O-O 14. bxc6 bxc6 15. b4 Rfe8 16. Be2 Reb8 17. b5 cxb5 18. Nxb5 Rc8 19. Bd2 a6 20. Nc3 exd4 21. exd4 Nb8 22. Na4 Bd8 23. O-O Nc6 24. Nb6 Bxb6 25. cxb6 Rcb8 26. Rfb1 Nd7 27. Bxa6 Rxb6 28. Rxb6 Nxb6 29. Bc3 Ne7 30. Kg2 Nf5 31. Bb7 Rxa1 32. Bxa1 Kf8 33. Bc3 Ke7 34. Bc6 Kd6 35. Bb5 Nc4 36. g4 Ne7 37. Bb4+ Ke6 38. Bc5 Nc8 39. f3 N8d6 40. Bc6 g5 41. Kg3 Ne3 42. h4 gxh4+ 43. Kxh4 Ndc4 44. Kg3 g5 45. Bb7 Nd6 46. Bc6 f5 47. gxf5+ Ndxf5+ 48. Kf2 Nc2 49. Bb7 Ncxd4 50. Bc8+ Kf6 51. Bxd4+ Nxd4 52. Ke3 Ke5 53. Bg4 Nf5+ 54. Kd3 Kf4 55. Bh5 Ne7 56. Kd4 Kf5 57. Bf7 Kf4 58. Bh5 Nf5+ 59. Kxd5 Nh4 60. Kd4 Nxf3+ 61. Kd3 Ne5+ 62. Ke2 Kg3 63. Kf1 Ng4 64. Kg1 Nf6 65. Bg6 Kf4 66. Kg2 g4 67. Bf7 g3 68. Bg6 Nd5 69. Bd3 Ne3+ 70. Kg1 Kf3 71. Ba6 Nf5 72. Bb7+ Kf4 73. Kg2 Nh4+ 74. Kh3 Nf3 75. Kg2 Ne1+ 76. Kh3 Nc2 77. Kg2 Ne3+ 78. Kh3 Nf5 79. Kg2 Ke3 80. Bc6 Kf4 81. Bb7 Nh4+ 82. Kh3 Nf3 83. Kg2 Ng5 84. Bc6 Kg4 85. Bd7+ Kh4 86. Bc6 Ne6 87. Bd7 Nc5 88. Bc6 Nd3 89. Bb7 Ne1+ 90. Kg1 Nd3 91. Bc8 Nf2 92. Bb7 Kg5 93. Bc6 Kf4 1/2-1/2

[Event "FIDE World Blitz-ch Women 2018"]
[Site "St. Petersburg"]
[Date "2018.12.29"]
[Round "9.33"]
[White "Nakhbayeva, Guliskhan"]
[Black "Garcia Martin, Marta"]
[Result "1-0"]
[WhiteElo "2371"]
[BlackElo "2301"]
[Annotator "NA"]
[PlyCount "54"]
[EventDate "2018.12.19"]
[EventType "swiss"]
[EventCountry "RUS"]
[SourceTitle "playchess.com"]
[Source "ChessBase"]
[SourceQuality "1"]

1. d4 d5 2. Nf3 Nf6 3. Bf4 e6 4. e3 Bd6 5. Bg3 b6 6. c3 O-O 7. a4 c5 8. Nbd2 Ba6 9. Bb5 c4 10. Bxa6 Nxa6 11. b3 cxb3 12. Qxb3 Rc8 13. O-O Bxg3 14. hxg3 Nb8 15. c4 Nc6 16. Rfc1 Qe7 17. c5 Na5 18. Qb5 Nd7 19. cxb6 axb6 20. Rab1 Qd6 21. e4 h6 22. e5 Qe7 23. Qa6 Ra8 24. Qb5 Rfc8 25. Ne1 Qe8 26. Nd3 Rxc1+ 27. Rxc1 Rc8 1-0

[Event "FIDE World Blitz-ch Women 2018"]
[Site "St. Petersburg"]
[Date "2018.12.29"]
[Round "9.34"]
[White "Sukhareva, Evgeniya"]
[Black "Belenkaya, Dina"]
[Result "1-0"]
[WhiteElo "2126"]
[BlackElo "2338"]
[Annotator "NA"]
[PlyCount "73"]
[EventDate "2018.12.19"]
[EventType "swiss"]
[EventCountry "RUS"]
[SourceTitle "playchess.com"]
[Source "ChessBase"]
[SourceQuality "1"]

1. d4 d5 2. Nf3 Nf6 3. c4 dxc4 4. e3 e6 5. Bxc4 a6 6. a4 c5 7. O-O Nc6 8. Nc3 Bd6 9. Qd3 O-O 10. Rd1 Qc7 11. g3 Rd8 12. Qe2 Bd7 13. d5 exd5 14. Nxd5 Nxd5 15. Bxd5 Bg4 16. h3 Bh5 17. g4 Bg6 18. b3 Nb4 19. Bc4 Kh8 20. Bb2 Rd7 21. Rd2 Rad8 22. Rad1 f5 23. Ng5 Bh2+ 24. Kh1 Rxd2 25. Rxd2 Rxd2 26. Qxd2 fxg4 27. Bxg7+ Kxg7 28. Ne6+ Kh6 29. Nxc7 Bxc7 30. hxg4 Be4+ 31. Kg1 Nc6 32. Qd7 Ba5 33. Qe6+ Bg6 34. f4 Nd8 35. Qf6 Bc3 36. Qxc3 Nc6 37. Qf6 1-0

[Event "FIDE World Blitz-ch Women 2018"]
[Site "St. Petersburg"]
[Date "2018.12.29"]
[Round "9.35"]
[White "Tsatsalashvili, Keti"]
[Black "Tsolakidou, Stavroula"]
[Result "0-1"]
[WhiteElo "2303"]
[BlackElo "2387"]
[Annotator "NA"]
[PlyCount "106"]
[EventDate "2018.12.19"]
[EventType "swiss"]
[EventCountry "RUS"]
[SourceTitle "playchess.com"]
[Source "ChessBase"]
[SourceQuality "1"]

1. d4 Nf6 2. c4 e6 3. Nf3 Bb4+ 4. Nbd2 d6 5. g3 Nc6 6. Bg2 a5 7. O-O e5 8. d5 Ne7 9. b3 Bd7 10. Bb2 a4 11. Qc2 c6 12. e4 O-O 13. Bc3 Qb6 14. Bxb4 Qxb4 15. dxc6 Nxc6 16. Rfd1 Bg4 17. h3 Bh5 18. g4 Bg6 19. Rab1 a3 20. Nh4 Nd4 21. Qd3 Nd7 22. Nf5 Nc5 23. Ne7+ Kh8 24. Qe3 Nce6 25. Nf3 Qc5 26. Nd5 Nxf3+ 27. Bxf3 Nd4 28. Bg2 f6 29. Bf1 Bf7 30. Rbc1 Bxd5 31. cxd5 Qb6 32. Rc3 Rac8 33. Rdc1 Rxc3 34. Rxc3 Qa5 35. Qc1 b5 36. Rc8 Rg8 37. Rxg8+ Kxg8 38. Qc8+ Kf7 39. Qd7+ Kf8 40. Qxd6+ Ke8 41. Qb8+ Kf7 42. Qb7+ Kg6 43. Qc8 h6 44. d6 Nf3+ 45. Kg2 Ne1+ 46. Kg3 Qd2 47. Qf5+ Kf7 48. Qd7+ Kg6 49. Qf5+ Kf7 50. Qd7+ Kg6 51. Qe8+ Kh7 52. d7 Qf4+ 53. Kh4 Nf3+ 0-1

[Event "FIDE World Blitz-ch Women 2018"]
[Site "St. Petersburg"]
[Date "2018.12.29"]
[Round "9.36"]
[White "Semenova, Elena"]
[Black "Nomin-Erdene, Davaademberel"]
[Result "1-0"]
[WhiteElo "2260"]
[BlackElo "2376"]
[Annotator "NA"]
[PlyCount "137"]
[EventDate "2018.12.19"]
[EventType "swiss"]
[EventCountry "RUS"]
[SourceTitle "playchess.com"]
[Source "ChessBase"]
[SourceQuality "1"]

1. e4 c6 2. d4 d5 3. Nc3 dxe4 4. Nxe4 Bf5 5. Ng3 Bg6 6. h4 h6 7. f4 e6 8. Nf3 Nd7 9. h5 Bh7 10. Bd3 Bxd3 11. Qxd3 Bd6 12. Bd2 Ne7 13. Ne5 Nf6 14. O-O-O Qb6 15. f5 O-O-O 16. Nxf7 Bxg3 17. Qxg3 Nxf5 18. Qb3 Nxd4 19. Qxb6 axb6 20. Nxh8 Rxh8 21. Rhe1 Re8 22. Bc3 Nb5 23. Bxf6 gxf6 24. Rd3 e5 25. Rg3 f5 26. Rg6 e4 27. Rf6 Nd4 28. c3 Ne6 29. Rxf5 Nc5 30. Re3 Rg8 31. g3 Kd7 32. Rf6 Rg4 33. Rxh6 Nd3+ 34. Kc2 Ne5 35. Rh7+ Ke6 36. Rxb7 Nc4 37. Re1 Rxg3 38. b3 Rg2+ 39. Kc1 Nd6 40. Rxb6 Kd5 41. h6 Rh2 42. Rd1+ Kc5 43. Ra6 e3 44. Ra5+ Kb6 45. Re5 Rxh6 46. Rxe3 Nb5 47. a4 Nc7 48. Rd2 Na6 49. b4 Nc7 50. Kc2 Rh1 51. Kb3 Rb1+ 52. Rb2 Rd1 53. a5+ Ka6 54. c4 Rd6 55. Kc3 Rg6 56. Rd2 Rg1 57. Re7 Rg3+ 58. Rd3 Rxd3+ 59. Kxd3 Kb7 60. Rxc7+ Kxc7 61. Kd4 Kb7 62. Kc5 Kc7 63. a6 Kb8 64. Kxc6 Ka7 65. b5 Ka8 66. Kb6 Kb8 67. c5 Ka8 68. c6 Kb8 69. c7+ 1-0

[Event "FIDE World Blitz-ch Women 2018"]
[Site "St. Petersburg"]
[Date "2018.12.29"]
[Round "9.37"]
[White "Strutinskaia, Galina"]
[Black "Petrova, Irina"]
[Result "1-0"]
[WhiteElo "2201"]
[BlackElo "2124"]
[Annotator "NA"]
[PlyCount "77"]
[EventDate "2018.12.19"]
[EventType "swiss"]
[EventCountry "RUS"]
[SourceTitle "playchess.com"]
[Source "ChessBase"]
[SourceQuality "1"]

1. b3 d6 2. Bb2 e5 3. d4 exd4 4. Qxd4 Nc6 5. Qd2 Nf6 6. Nc3 Be7 7. e4 O-O 8. Bd3 b6 9. Nge2 Bb7 10. O-O Ne5 11. f4 Nxd3 12. cxd3 d5 13. e5 Nd7 14. d4 c5 15. Kh1 cxd4 16. Nxd4 Nc5 17. Rad1 Ne4 18. Qe3 Qc8 19. Nxe4 dxe4 20. f5 Bc5 21. f6 Qg4 22. Rd2 Qh5 23. Qg3 Qg6 24. Qh3 e3 25. Qxe3 Rad8 26. e6 fxe6 27. Qxe6+ Kh8 28. fxg7+ Qxg7 29. Nf3 Bd4 30. Rxd4 Rxd4 31. Qe3 Bxf3 32. gxf3 Rfd8 33. a4 h6 34. Bc3 Kh7 35. Bxd4 Qxd4 36. Qe7+ Kh8 37. Re1 Qd5 38. Qf6+ Kg8 39. Rg1+ 1-0

[Event "FIDE World Blitz-ch Women 2018"]
[Site "St. Petersburg"]
[Date "2018.12.29"]
[Round "9.38"]
[White "Romanovskaya, Anna"]
[Black "Mkrtchian, Lilit"]
[Result "0-1"]
[WhiteElo "2210"]
[BlackElo "2392"]
[Annotator "NA"]
[PlyCount "56"]
[EventDate "2018.12.19"]
[EventType "swiss"]
[EventCountry "RUS"]
[SourceTitle "playchess.com"]
[Source "ChessBase"]
[SourceQuality "1"]

1. e4 e6 2. d3 d5 3. Qe2 Nf6 4. Nf3 c5 5. g3 Nc6 6. Bg2 g6 7. O-O Bg7 8. e5 Nd7 9. Bf4 h6 10. h4 Qc7 11. c4 d4 12. Re1 g5 13. hxg5 hxg5 14. Nxg5 Ndxe5 15. Na3 a6 16. Nf3 Nxf3+ 17. Bxf3 Qe7 18. Qd2 Bd7 19. Nc2 Qf6 20. b4 Qf5 21. bxc5 Qxc5 22. Rab1 Nd8 23. Qb4 Qf5 24. Qb6 Bc6 25. Bxc6+ bxc6 26. Kf1 Qxd3+ 27. Kg2 Qxc2 28. Bd6 Qh7 0-1

[Event "FIDE World Blitz-ch Women 2018"]
[Site "St. Petersburg"]
[Date "2018.12.29"]
[Round "9.39"]
[White "Injac, Teodora"]
[Black "Batsiashvili, Nino"]
[Result "0-1"]
[WhiteElo "2325"]
[BlackElo "2459"]
[Annotator "ChessBase"]
[PlyCount "82"]
[EventDate "2018.12.19"]
[EventType "swiss"]
[EventCountry "RUS"]
[SourceTitle "playchess.com"]
[Source "ChessBase"]
[SourceQuality "1"]

1. d4 Nf6 2. Nf3 e6 3. e3 c5 4. Bd3 Nc6 5. O-O b6 6. c4 Bb7 7. Nc3 d5 8. cxd5 exd5 9. e4 cxd4 10. Nxd5 Nxd5 11. exd5 Qxd5 12. Re1+ Be7 13. Be4 Qd7 14. Nxd4 Nxd4 15. Bxb7 Qxb7 16. Qxd4 O-O 17. Be3 Bf6 18. Qb4 Rac8 19. Rac1 Qa6 20. Qb3 Rxc1 21. Rxc1 Qe2 22. Qc2 Qxc2 23. Rxc2 Rd8 24. Kf1 h5 25. Ke2 Rd7 26. b3 g5 27. h3 Kg7 28. Rc8 h4 29. f3 Kg6 30. Rc6 Kf5 31. Rc8 Be5 32. Rc4 f6 33. Rc8 Re7 34. Kd3 Bf4 35. Bxf4 Kxf4 36. Rc4+ Kg3 37. Rg4+ Kf2 38. f4 Re3+ 39. Kd2 Rg3 40. fxg5 Rxg4 41. hxg4 fxg5 0-1

[Event "FIDE World Blitz-ch Women 2018"]
[Site "St. Petersburg"]
[Date "2018.12.29"]
[Round "9.40"]
[White "Molchanova, Tatjana"]
[Black "Murashova, Ekaterina"]
[Result "0-1"]
[WhiteElo "2245"]
[BlackElo "2259"]
[Annotator "NA"]
[PlyCount "84"]
[EventDate "2018.12.19"]
[EventType "swiss"]
[EventCountry "RUS"]
[SourceTitle "playchess.com"]
[Source "ChessBase"]
[SourceQuality "1"]

1. e4 c5 2. Nf3 e6 3. d3 Nc6 4. g3 d6 5. Bg2 g6 6. O-O Bg7 7. c3 Nge7 8. a4 O-O 9. h4 e5 10. Nbd2 a6 11. Nc4 Be6 12. Ng5 Bc8 13. a5 h6 14. Nb6 Rb8 15. Nxc8 Nxc8 16. Nf3 Nxa5 17. Be3 Nc6 18. d4 cxd4 19. cxd4 N8e7 20. Qd2 Nxd4 21. Nxd4 exd4 22. Bxh6 Nc6 23. Bxg7 Kxg7 24. f4 Qb6 25. Kh2 Qb4 26. Qe2 Rfe8 27. f5 Ne5 28. f6+ Kh7 29. h5 Rh8 30. Rh1 d3 31. Qd1 Qxb2 32. Kg1 Qd4+ 33. Kf1 Kg8 34. hxg6 Rxh1+ 35. Bxh1 fxg6 36. Ra4 Qe3 37. Qb3+ Kh7 38. Ra2 Qxg3 39. Rg2 Qf4+ 40. Kg1 Nf3+ 41. Kf1 Nd2+ 42. Ke1 Nxb3 0-1

[Event "FIDE World Blitz-ch Women 2018"]
[Site "St. Petersburg"]
[Date "2018.12.29"]
[Round "9.41"]
[White "Khomeriki, Nino"]
[Black "Gromova, Iulia"]
[Result "0-1"]
[WhiteElo "2347"]
[BlackElo "2241"]
[Annotator "NA"]
[PlyCount "76"]
[EventDate "2018.12.19"]
[EventType "swiss"]
[EventCountry "RUS"]
[SourceTitle "playchess.com"]
[Source "ChessBase"]
[SourceQuality "1"]

1. d4 Nf6 2. Nf3 g6 3. Nbd2 d5 4. b4 Bg7 5. e3 O-O 6. c4 c6 7. Be2 Nbd7 8. O-O Ne4 9. Bb2 Ndf6 10. Qb3 Bg4 11. Rfe1 Nxd2 12. Nxd2 Bxe2 13. Rxe2 Qd7 14. Rc1 a6 15. a4 Rac8 16. Ba3 b5 17. axb5 axb5 18. cxb5 cxb5 19. Rc5 e6 20. f3 Ne8 21. Nb1 Nd6 22. Nc3 Rb8 23. Ra2 Nc4 24. Bc1 Rfd8 25. Ra6 Bf8 26. Rcc6 Qe7 27. Rc5 Qd7 28. Rcc6 Qe7 29. Rc5 Qd7 30. Rcc6 Qe7 31. Na2 Ra8 32. Bb2 Qb7 33. Rxa8 Rxa8 34. Rc5 Bxc5 35. dxc5 Qa7 36. Nc1 Nxb2 37. Qxb2 Qa1 38. Qe2 Qxc1+ 0-1